[Event "DVM U12 2020"]
[Site "Magdeburg GER"]
[Date "2021.08.05"]
[Round "1"]
[White "Wandelt, Moritz"]
[Black "Beck, Jason"]
[Result "1/2-1/2"]
[Termination "normal"]
[Board "4.4"]
[WhiteElo "1029"]
[BlackElo "1132"]
[WhiteClock "00:35:33"]
[BlackClock "00:55:15"]
[WhiteTeam "SAV Torgelow-Drögeheide 90"]
[BlackTeam "SG Einheit Staßfurt"]
[PlyCount "78"]
[WhiteFideId "34605070"]
[BlackFideId "34608389"]
[EventCountry "GER"]
[EventRounds "7"]
[EventType "team-swiss"]
[EventDate "2021.08.04"]

1. e4 {[%emt 0:00:00]} e5 {[%emt 0:00:00]} 2. Nf3 {[%emt 0:00:12]} Nc6 {[%emt
0:00:23]} 3. d4 {[%emt 0:00:25]} exd4 {[%emt 0:01:08]} 4. Nxd4 {[%emt 0:00:33]}
Nxd4 {[%emt 0:01:55]} 5. Qxd4 {[%emt 0:00:32]} d6 {[%emt 0:03:39]} 6. Bc4 {
[%emt 0:05:02]} Be6 {[%emt 0:04:18]} 7. Bxe6 {[%emt 0:08:43]} fxe6 {[%emt 0:00:
00]} 8. Be3 {[%emt 0:00:00]} e5 {[%emt 0:03:34]} 9. Qa4+ {[%emt 0:05:42]} c6 {
[%emt 0:03:37]} 10. c3 {[%emt 0:03:54]} Nf6 {[%emt 0:09:57]} 11. O-O {[%emt 0:
00:00]} Be7 {[%emt 0:02:13]} 12. Nd2 {[%emt 0:01:50]} O-O {[%emt 0:01:01]} 13.
f4 {[%emt 0:05:36]} Ng4 {[%emt 0:02:22]} 14. Bf2 {[%emt 0:14:58]} Nxf2 {[%emt
0:00:19]} 15. Rxf2 {[%emt 0:00:51]} exf4 {[%emt 0:00:00]} 16. Raf1 {[%emt 0:03:
49]} Bg5 {[%emt 0:02:49]} 17. g3 {[%emt 0:04:03]} f3 {[%emt 0:06:15]} 18. Kh1 {
[%emt 0:02:02]} Bxd2 {[%emt 0:01:15]} 19. Rxd2 {[%emt 0:00:00]} Rf7 {[%emt 0:
00:17]} 20. Qb3 {[%emt 0:06:54]} Qb6 {[%emt 0:00:00]} 21. Qc4 {[%emt 0:00:00]}
Qc5 {[%emt 0:00:06]} 22. Qe6 {[%emt 0:01:39]} Qe5 {[%emt 0:02:14]} 23. Rxd6 {
[%emt 0:01:36]} Qxe6 {[%emt 0:00:25]} 24. Rxe6 {[%emt 0:00:00]} Kf8 {[%emt 0:
04:09]} 25. Kg1 {[%emt 0:00:00]} Re8 {[%emt 0:00:00]} 26. Rxe8+ {[%emt 0:00:00]
} Kxe8 {[%emt 0:00:37]} 27. Rf2 {[%emt 0:00:03]} Re7 {[%emt 0:00:29]} 28. Rxf3
{[%emt 0:00:45]} Rxe4 {[%emt 0:00:08]} 29. Kf2 {[%emt 0:00:28]} g5 {[%emt 0:01:
25]} 30. g4 {[%emt 0:00:00]} Rxg4 {[%emt 0:00:23]} 31. Re3+ {[%emt 0:00:04]}
Kf8 {[%emt 0:00:19]} 32. Rf3+ {[%emt 0:00:33]} Rf4 {[%emt 0:00:17]} 33. Rxf4+ {
[%emt 0:00:20]} gxf4 {[%emt 0:00:22]} 34. Kf3 {[%emt 0:00:00]} Kf7 {[%emt 0:00:
23]} 35. Kxf4 {[%emt 0:00:00]} Kf6 {[%emt 0:00:05]} 36. h3 {[%emt 0:00:29]} h6
{[%emt 0:00:34]} 37. Kg4 {[%emt 0:00:04]} Kg6 {[%emt 0:00:04]} 38. h4 {[%emt 0:
00:36]} h5+ {[%emt 0:00:07]} 39. Kf4 {[%emt 0:00:00]} Kf6 {[%emt 0:00:00]}
1/2-1/2

[Event "DVM U12 2020"]
[Site "Magdeburg GER"]
[Date "2021.08.05"]
[Round "1"]
[White "Sinka, Silas"]
[Black "Trunz, Michelle"]
[Result "0-1"]
[Termination "normal"]
[Board "5.1"]
[WhiteElo "1344"]
[BlackElo "1714"]
[WhiteClock "00:56:38"]
[BlackClock "01:10:31"]
[WhiteTeam "SV Hellas Nauen e.V."]
[BlackTeam "Godesberger Schachklub 1929 e. V."]
[PlyCount "70"]
[WhiteFideId "16265823"]
[BlackFideId "16227980"]
[EventCountry "GER"]
[EventRounds "7"]
[EventType "team-swiss"]
[EventDate "2021.08.04"]

1. d4 {[%emt 0:00:00]} f5 {[%emt 0:00:00]} 2. Nf3 {[%emt 0:00:13]} Nf6 {[%emt
0:00:26]} 3. e3 {[%emt 0:00:33]} e6 {[%emt 0:00:36]} 4. Bd3 {[%emt 0:00:21]} d5
{[%emt 0:01:25]} 5. Nbd2 {[%emt 0:01:07]} Bd6 {[%emt 0:00:08]} 6. b3 {[%emt 0:
00:20]} O-O {[%emt 0:00:37]} 7. Bb2 {[%emt 0:00:09]} b6 {[%emt 0:01:26]} 8. c4
{[%emt 0:00:57]} c6 {[%emt 0:00:47]} 9. Qc2 {[%emt 0:01:26]} Nbd7 {[%emt 0:01:
07]} 10. Ne5 {[%emt 0:14:12]} Bxe5 {[%emt 0:00:14]} 11. dxe5 {[%emt 0:00:00]}
Ng4 {[%emt 0:00:52]} 12. Nf3 {[%emt 0:01:07]} Nc5 {[%emt 0:03:09]} 13. h3 {
[%emt 0:03:08]} Nh6 {[%emt 0:01:02]} 14. O-O-O {[%emt 0:10:23]} Qe7 {[%emt 0:
01:47]} 15. Nd4 {[%emt 0:01:47]} Bb7 {[%emt 0:00:35]} 16. f4 {[%emt 0:01:04]}
Rfc8 {[%emt 0:01:26]} 17. g4 {[%emt 0:04:05]} Nxd3+ {[%emt 0:00:00]} 18. Qxd3 {
[%emt 0:00:00]} c5 {[%emt 0:00:00]} 19. Nb5 {[%emt 0:00:13]} dxc4 {[%emt 0:00:
29]} 20. bxc4 {[%emt 0:00:49]} Bxh1 {[%emt 0:00:25]} 21. Rxh1 {[%emt 0:00:26]}
Rd8 {[%emt 0:00:37]} 22. Nd6 {[%emt 0:01:12]} Nf7 {[%emt 0:01:18]} 23. Rd1 {
[%emt 0:00:34]} g6 {[%emt 0:05:44]} 24. g5 {[%emt 0:00:00]} a6 {[%emt 0:01:28]}
25. a4 {[%emt 0:09:52]} Kf8 {[%emt 0:00:00]} 26. Ba3 {[%emt 0:00:00]} Ra7 {
[%emt 0:00:00]} 27. a5 {[%emt 0:00:00]} Rad7 {[%emt 0:00:00]} 28. axb6 {[%emt
0:00:00]} Nxd6 {[%emt 0:00:00]} 29. exd6 {[%emt 0:01:08]} Rxd6 {[%emt 0:01:17]}
30. Bxc5 {[%emt 0:01:26]} Rxd3 {[%emt 0:00:00]} 31. Bxe7+ {[%emt 0:00:00]} Kxe7
{[%emt 0:00:00]} 32. Rxd3 {[%emt 0:00:20]} Rxd3 {[%emt 0:59:18]} 33. Kc2 {
[%emt 0:00:00]} Rd6 {[%emt 0:00:00]} 34. c5 {[%emt 0:00:00]} Rc6 {[%emt 0:00:
00]} 35. Kd3 {[%emt 0:00:00]} Rxc5 {[%emt 0:00:03]} 0-1

[Event "DVM U12 2020"]
[Site "Magdeburg GER"]
[Date "2021.08.05"]
[Round "1"]
[White "Vogt, Gianluca"]
[Black "Trunz, Tamila"]
[Result "0-1"]
[Termination "normal"]
[Board "5.3"]
[WhiteElo "1160"]
[BlackElo "1353"]
[WhiteClock "00:57:08"]
[BlackClock "00:14:51"]
[WhiteTeam "SV Hellas Nauen e.V."]
[BlackTeam "Godesberger Schachklub 1929 e. V."]
[PlyCount "98"]
[WhiteFideId "34608117"]
[BlackFideId "16267885"]
[EventCountry "GER"]
[EventRounds "7"]
[EventType "team-swiss"]
[EventDate "2021.08.04"]

1. e4 {[%emt 0:00:07]} e5 {[%emt 0:00:12]} 2. Nf3 {[%emt 0:00:20]} Nc6 {[%emt
0:00:09]} 3. d4 {[%emt 0:00:47]} exd4 {[%emt 0:00:38]} 4. Nxd4 {[%emt 0:00:11]}
Nf6 {[%emt 0:00:51]} 5. Nc3 {[%emt 0:03:02]} Bb4 {[%emt 0:00:00]} 6. Nxc6 {
[%emt 0:02:43]} bxc6 {[%emt 0:10:53]} 7. e5 {[%emt 0:00:00]} Nd5 {[%emt 0:00:
00]} 8. Qf3 {[%emt 0:00:00]} Qe7 {[%emt 0:16:04]} 9. Bf4 {[%emt 0:00:00]} f6 {
[%emt 0:00:00]} 10. a3 {[%emt 0:00:00]} Bxc3+ {[%emt 0:04:05]} 11. bxc3 {[%emt
0:09:05]} Nxf4 {[%emt 0:00:00]} 12. Qxf4 {[%emt 0:00:00]} Qxe5+ {[%emt 0:00:00]
} 13. Qxe5+ {[%emt 0:00:00]} fxe5 {[%emt 0:00:00]} 14. Bd3 {[%emt 0:00:00]} O-O
{[%emt 0:01:18]} 15. O-O {[%emt 0:00:06]} d5 {[%emt 0:20:48]} 16. Rfe1 {[%emt
0:00:00]} e4 {[%emt 0:00:00]} 17. Be2 {[%emt 0:00:00]} Be6 {[%emt 0:00:00]} 18.
f3 {[%emt 0:00:00]} Bf5 {[%emt 0:00:17]} 19. fxe4 {[%emt 0:00:00]} Bxe4 {[%emt
0:00:00]} 20. Rac1 {[%emt 0:00:00]} Rab8 {[%emt 0:00:00]} 21. c4 {[%emt 0:00:
00]} Rb2 {[%emt 0:03:12]} 22. cxd5 {[%emt 0:00:00]} cxd5 {[%emt 0:00:00]} 23.
c4 {[%emt 0:00:00]} d4 {[%emt 0:09:03]} 24. Bf1 {[%emt 0:08:34]} Bg6 {[%emt 0:
00:00]} 25. Red1 {[%emt 0:00:00]} c5 {[%emt 0:00:00]} 26. g3 {[%emt 0:00:17]}
h6 {[%emt 0:05:39]} 27. Re1 {[%emt 0:00:42]} d3 {[%emt 0:08:36]} 28. Rcd1 {
[%emt 0:17:18]} d2 {[%emt 0:00:00]} 29. Re6 {[%emt 0:00:00]} Bh5 {[%emt 0:00:
00]} 30. Be2 {[%emt 0:00:00]} Re8 {[%emt 0:01:16]} 31. Rxe8+ {[%emt 0:01:14]}
Bxe8 {[%emt 0:00:06]} 32. Kf2 {[%emt 0:01:50]} Ba4 {[%emt 0:21:02]} 33. Ke3 {
[%emt 0:00:00]} Bxd1 {[%emt 0:00:00]} 34. Bxd1 {[%emt 0:00:00]} Kf7 {[%emt 0:
00:00]} 35. Kd3 {[%emt 0:00:00]} Kf6 {[%emt 0:00:14]} 36. Kc3 {[%emt 0:00:00]}
Rb6 {[%emt 0:03:02]} 37. h4 {[%emt 0:00:00]} Rd6 {[%emt 0:00:59]} 38. Kb3 {
[%emt 0:00:00]} g5 {[%emt 0:00:02]} 39. h5 {[%emt 0:00:00]} g4 {[%emt 0:00:21]}
40. Ka4 {[%emt 0:00:00]} Kg5 {[%emt 0:00:12]} 41. Kb5 {[%emt 0:00:56]} Rb6+ {
[%emt 0:00:36]} 42. Kxc5 {[%emt 0:00:00]} Rb1 {[%emt 0:00:24]} 43. Bc2 {[%emt
0:00:28]} d1=Q {[%emt 0:01:54]} 44. Bxd1 {[%emt 0:00:05]} Rxd1 {[%emt 0:00:08]}
45. Kb5 {[%emt 0:00:28]} Kf6 {[%emt 0:00:30]} 46. c5 {[%emt 0:00:06]} Rc1 {
[%emt 0:00:57]} 47. Ka6 {[%emt 0:00:09]} Rxc5 {[%emt 0:00:12]} 48. Kxa7 {[%emt
0:00:15]} Ra5+ {[%emt 0:00:25]} 49. Kb7 {[%emt 0:00:13]} Rxa3 {[%emt 0:00:14]}
0-1

[Event "DVM U12 2020"]
[Site "Magdeburg GER"]
[Date "2021.08.05"]
[Round "1"]
[White "Tibi, Anwar"]
[Black "Pauser, Kilian"]
[Result "1-0"]
[Termination "normal"]
[Board "5.4"]
[WhiteElo "1204"]
[BlackElo "1020"]
[WhiteClock "00:44:52"]
[BlackClock "00:23:31"]
[WhiteTeam "Godesberger Schachklub 1929 e. V."]
[BlackTeam "SV Hellas Nauen e.V."]
[PlyCount "63"]
[WhiteFideId "34608133"]
[BlackFideId "16287584"]
[EventCountry "GER"]
[EventRounds "7"]
[EventType "team-swiss"]
[EventDate "2021.08.04"]

1. e4 {[%emt 0:00:16]} e5 {[%emt 0:00:04]} 2. Nf3 {[%emt 0:00:33]} Nc6 {[%emt
0:00:00]} 3. Nc3 {[%emt 0:00:00]} Bc5 {[%emt 0:00:36]} 4. Bc4 {[%emt 0:00:00]}
d6 {[%emt 0:00:50]} 5. h3 {[%emt 0:00:07]} Be6 {[%emt 0:00:48]} 6. d3 {[%emt 0:
00:29]} Nge7 {[%emt 0:01:25]} 7. Bg5 {[%emt 0:00:45]} O-O {[%emt 0:02:25]} 8.
O-O {[%emt 0:00:17]} h6 {[%emt 0:03:03]} 9. Bh4 {[%emt 0:01:07]} Qd7 {[%emt 0:
02:51]} 10. Nd5 {[%emt 0:01:02]} Ng6 {[%emt 0:05:25]} 11. Bg3 {[%emt 0:01:55]}
Rfe8 {[%emt 0:09:00]} 12. a3 {[%emt 0:02:18]} Nd4 {[%emt 0:01:14]} 13. b4 {
[%emt 0:05:54]} Bb6 {[%emt 0:00:00]} 14. Nxb6 {[%emt 0:01:21]} axb6 {[%emt 0:
00:45]} 15. Bxe6 {[%emt 0:02:38]} Rxe6 {[%emt 0:02:06]} 16. Nxd4 {[%emt 0:01:
35]} exd4 {[%emt 0:07:35]} 17. f4 {[%emt 0:00:00]} Ne7 {[%emt 0:10:25]} 18. f5
{[%emt 0:00:00]} Rf6 {[%emt 0:00:00]} 19. Bf2 {[%emt 0:00:00]} c5 {[%emt 0:00:
00]} 20. Be1 {[%emt 0:00:18]} d5 {[%emt 0:06:01]} 21. c3 {[%emt 0:00:00]} dxe4
{[%emt 0:02:40]} 22. dxe4 {[%emt 0:01:00]} Qc6 {[%emt 0:02:52]} 23. Qd3 {[%emt
0:01:37]} g6 {[%emt 0:09:58]} 24. Bh4 {[%emt 0:06:42]} g5 {[%emt 0:04:24]} 25.
Bg3 {[%emt 0:00:26]} Qd7 {[%emt 0:05:16]} 26. b5 {[%emt 0:02:50]} Rc8 {[%emt 0:
09:16]} 27. Be5 {[%emt 0:00:00]} c4 {[%emt 0:03:02]} 28. Qxd4 {[%emt 0:14:21]}
Qxd4+ {[%emt 0:00:43]} 29. cxd4 {[%emt 0:00:33]} Kg7 {[%emt 0:01:32]} 30. Bxf6+
{[%emt 0:00:37]} Kxf6 {[%emt 0:00:18]} 31. e5+ {[%emt 0:00:58]} Kg7 {[%emt 0:
00:00]} 32. f6+ {[%emt 0:00:00]} 1-0

[Event "DVM U12 2020"]
[Site "Magdeburg GER"]
[Date "2021.08.05"]
[Round "1"]
[White "Wunderlich, Elias"]
[Black "Dubinker, Philipp"]
[Result "1-0"]
[Termination "normal"]
[Board "6.1"]
[WhiteElo "1602"]
[BlackElo "1382"]
[WhiteClock "00:37:19"]
[BlackClock "00:27:18"]
[WhiteTeam "SC Garching 1980 e.V."]
[BlackTeam "SK Marburg 1931/72"]
[PlyCount "91"]
[WhiteFideId "34608087"]
[BlackFideId "34608320"]
[EventCountry "GER"]
[EventRounds "7"]
[EventType "team-swiss"]
[EventDate "2021.08.04"]

1. e4 {[%emt 0:00:32]} c6 {[%emt 0:00:00]} 2. d4 {[%emt 0:00:00]} d5 {[%emt 0:
00:00]} 3. e5 {[%emt 0:00:17]} Bf5 {[%emt 0:00:55]} 4. h4 {[%emt 0:00:00]} h5 {
[%emt 0:00:00]} 5. Nf3 {[%emt 0:10:02]} e6 {[%emt 0:00:00]} 6. c3 {[%emt 0:00:
00]} Ne7 {[%emt 0:00:00]} 7. Be2 {[%emt 0:00:00]} Nd7 {[%emt 0:00:00]} 8. Bg5 {
[%emt 0:00:00]} Qb6 {[%emt 0:00:00]} 9. Qd2 {[%emt 0:05:13]} c5 {[%emt 0:00:00]
} 10. O-O {[%emt 0:00:00]} c4 {[%emt 0:05:10]} 11. a4 {[%emt 0:13:16]} Nc6 {
[%emt 0:00:00]} 12. Na3 {[%emt 0:00:00]} a6 {[%emt 0:00:00]} 13. Bd1 {[%emt 0:
00:00]} Be7 {[%emt 0:00:00]} 14. Bxe7 {[%emt 0:00:31]} Nxe7 {[%emt 0:01:26]}
15. Bc2 O-O {[%emt 0:13:21]} 16. Rfe1 {[%emt 0:00:00]} Bxc2 17. Nxc2 {[%emt 0:
00:37]} Nf5 {[%emt 0:02:32]} 18. Ne3 {[%emt 0:00:00]} Nxe3 {[%emt 0:00:00]} 19.
Qxe3 {[%emt 0:00:00]} Qd8 {[%emt 0:05:30]} 20. Ng5 {[%emt 0:00:00]} g6 {[%emt
0:00:00]} 21. f4 {[%emt 0:01:21]} Re8 {[%emt 0:08:00]} 22. g4 hxg4 {[%emt 1:02:
01]} 23. Qg3 {[%emt 0:00:00]} f6 {[%emt 0:00:00]} 24. exf6 {[%emt 0:00:00]}
Qxf6 {[%emt 0:00:00]} 25. Qxg4 {[%emt 0:00:00]} Nf8 {[%emt 0:00:00]} 26. Re5 {
[%emt 0:00:00]} Rad8 {[%emt 0:00:00]} 27. Rae1 {[%emt 0:00:00]} Rd6 28. R1e2 b5
{[%emt 0:00:00]} 29. axb5 {[%emt 0:00:00]} axb5 30. Kf2 Re7 {[%emt 0:00:00]}
31. Ke1 {[%emt 0:00:00]} Re8 32. h5 gxh5 33. Qxh5 Qg6 34. Qh3 Qf6 {[%emt 0:03:
27]} 35. f5 {[%emt 0:12:05]} Re7 {[%emt 0:02:20]} 36. fxe6 {[%emt 0:00:00]} Ra6
{[%emt 0:00:00]} 37. Rf5 {[%emt 0:00:00]} Qg7 38. Rxd5 {[%emt 0:00:00]} Qg6 39.
Ne4 {[%emt 0:00:00]} Rh7 {[%emt 0:00:00]} 40. Qf3 {[%emt 0:00:00]} Ra1+ {[%emt
0:00:00]} 41. Kd2 {[%emt 0:00:00]} Qh6+ {[%emt 0:00:00]} 42. Rg5+ {[%emt 0:00:
00]} Ng6 {[%emt 0:00:00]} 43. Nf6+ {[%emt 0:00:00]} Kh8 {[%emt 0:00:00]} 44.
Nxh7 {[%emt 0:00:00]} Qxh7 {[%emt 0:00:00]} 45. Rxg6 {[%emt 0:00:00]} Qxg6 {
[%emt 0:00:00]} 46. Qf8+ {[%emt 0:00:00]} 1-0

[Event "DVM U12 2020"]
[Site "Magdeburg GER"]
[Date "2021.08.05"]
[Round "1"]
[White "Jung, Felix"]
[Black "Sajka, Noah"]
[Result "0-1"]
[Termination "normal"]
[Board "6.2"]
[WhiteElo "1147"]
[BlackElo "1393"]
[WhiteTeam "SK Marburg 1931/72"]
[BlackTeam "SC Garching 1980 e.V."]
[PlyCount "102"]
[WhiteFideId "34608290"]
[BlackFideId "34608192"]
[EventCountry "GER"]
[EventRounds "7"]
[EventType "team-swiss"]
[EventDate "2021.08.04"]

1. e4 c5 2. Bc4 e6 3. Nc3 Nc6 4. Nf3 Nf6 5. d4 cxd4 6. Nxd4 Be7 7. O-O O-O 8.
Be3 a6 9. h3 Nxd4 10. Qxd4 b5 11. Bb3 d6 12. e5 dxe5 13. Qxe5 Bd6 14. Qd4 Qc7
15. Qb6 Bb7 16. Bc5 Qxc5 17. Qxb7 Qe5 18. g3 Bc5 19. Kh1 Qh5 20. Kg2 Qg6 21. a4
b4 22. Ne2 h5 23. Nf4 Qf5 24. Nd3 Bd6 25. Nxb4 Rfb8 26. Qf3 Qxf3+ 27. Kxf3 Bxb4
28. Rad1 Rd8 29. c3 Be7 30. Bc2 Rab8 31. b4 Rbc8 32. Rd3 Rxd3+ 33. Bxd3 Rxc3
34. Ke2 Bxb4 35. Rb1 Bf8 36. Bxa6 Ra3 37. Bb5 Nd5 38. Kd2 Ra2+ 39. Ke1 Nc3 40.
Rb4 Bxb4 41. Kf1 Nxb5 42. axb5 Ra5 43. b6 Rb5 44. g4 hxg4 45. hxg4 Rxb6 46. Kg2
Bc5 47. f3 Rb2+ 48. Kh3 Bd6 49. Kh4 Rh2+ 50. Kg5 f6+ 51. Kg6 Rh6# 0-1

[Event "DVM U12 2020"]
[Site "Magdeburg GER"]
[Date "2021.08.05"]
[Round "1"]
[White "Baumgart, Jost"]
[Black "Chua, Daniel James"]
[Result "1-0"]
[Termination "normal"]
[Board "6.4"]
[WhiteElo "1017"]
[BlackElo "1477"]
[WhiteTeam "SK Marburg 1931/72"]
[BlackTeam "SC Garching 1980 e.V."]
[PlyCount "95"]
[WhiteFideId "34608397"]
[BlackFideId "34608354"]
[EventCountry "GER"]
[EventRounds "7"]
[EventType "team-swiss"]
[EventDate "2021.08.04"]

1. e4 e5 2. Nf3 Nc6 3. Bb5 Bc5 4. Nc3 d6 5. d4 exd4 6. Nxd4 Qf6 7. Be3 Nge7 8.
Nd5 Nxd5 9. exd5 O-O 10. dxc6 bxc6 11. Bxc6 Rb8 12. Rb1 Ba6 13. c3 Bb7 14. Qa4
Qg6 15. O-O f5 16. Qb3+ Kh8 17. Bxb7 f4 18. Bd2 f3 19. g3 Qh5 20. h4 Qg4 21.
Bxf3 Qh3 22. Bg2 Qg4 23. Qc4 Rg8 24. Rfe1 Rgc8 25. Re7 c6 26. Qf7 Rf8 27. Qe6
Qh5 28. Bf4 Ba3 29. b4 c5 30. Nc2 cxb4 31. cxb4 Rf6 32. Qd7 Qg6 33. Qc7 Rbf8
34. Be3 Bxb4 35. Rxb4 d5 36. Rb8 Qd3 37. Rxf8+ Rxf8 38. Rd7 Qd1+ 39. Kh2 Qg4
40. Rd8 h6 41. Rxf8+ Kh7 42. Nd4 a5 43. Qc2+ Qg6 44. Rh8+ Kxh8 45. Qxg6 a4 46.
Bxd5 a3 47. Be4 Kg8 48. Qe8# 1-0

[Event "DVM U12 2020"]
[Site "Magdeburg GER"]
[Date "2021.08.05"]
[Round "1"]
[White "Puchas, Henrik"]
[Black "Nhan, Jinhon Raymon"]
[Result "0-1"]
[Termination "normal"]
[Board "7.1"]
[WhiteElo "1539"]
[BlackElo "1413"]
[WhiteClock "00:52:23"]
[BlackClock "00:44:09"]
[WhiteTeam "SV Vimbuch"]
[BlackTeam "Schachvereinigung 1920 Plettenberg e. V."]
[PlyCount "86"]
[WhiteFideId "16257995"]
[BlackFideId "16284690"]
[EventCountry "GER"]
[EventRounds "7"]
[EventType "team-swiss"]
[EventDate "2021.08.04"]

1. e4 {[%emt 0:00:00]} e6 {[%emt 0:00:00]} 2. d4 {[%emt 0:00:25]} d5 {[%emt 0:
00:05]} 3. exd5 {[%emt 0:00:27]} exd5 {[%emt 0:00:20]} 4. c4 {[%emt 0:00:40]}
Nf6 {[%emt 0:00:27]} 5. Nc3 {[%emt 0:03:25]} Bb4 {[%emt 0:00:00]} 6. Bg5 {
[%emt 0:00:00]} Nbd7 {[%emt 0:02:00]} 7. Nf3 {[%emt 0:03:37]} O-O {[%emt 0:00:
44]} 8. Be2 {[%emt 0:00:57]} dxc4 {[%emt 0:01:53]} 9. Bxc4 {[%emt 0:01:42]} Nb6
{[%emt 0:01:11]} 10. Be2 {[%emt 0:00:45]} Nbd5 {[%emt 0:01:49]} 11. Qd3 {[%emt
0:01:54]} Re8 {[%emt 0:02:52]} 12. O-O {[%emt 0:00:43]} Nxc3 {[%emt 0:04:32]}
13. bxc3 {[%emt 0:00:22]} Bxc3 {[%emt 0:01:01]} 14. Qxc3 {[%emt 0:00:19]} Rxe2
{[%emt 0:00:24]} 15. Be3 {[%emt 0:01:03]} Be6 {[%emt 0:01:15]} 16. Nd2 {[%emt
0:05:10]} Nd5 {[%emt 0:12:19]} 17. Qd3 {[%emt 0:04:26]} Nxe3 {[%emt 0:06:07]}
18. fxe3 {[%emt 0:01:59]} Bg4 {[%emt 0:04:22]} 19. Rf4 {[%emt 0:05:07]} Qg5 {
[%emt 0:06:38]} 20. h3 {[%emt 0:07:45]} Rxg2+ {[%emt 0:02:35]} 21. Kxg2 {[%emt
0:05:17]} Be2+ {[%emt 0:00:00]} 22. Rg4 {[%emt 0:00:00]} Qxg4+ {[%emt 0:00:00]}
23. hxg4 {[%emt 0:00:00]} Bxd3 {[%emt 0:00:00]} 24. Rc1 {[%emt 0:00:05]} c6 {
[%emt 0:00:00]} 25. Rc3 {[%emt 0:02:11]} Bg6 {[%emt 0:00:45]} 26. Rb3 {[%emt 0:
10:23]} Rb8 {[%emt 0:00:00]} 27. Kf3 {[%emt 0:00:00]} f6 {[%emt 0:00:00]} 28.
Nc4 {[%emt 0:00:00]} Bf7 {[%emt 0:00:00]} 29. Rb4 {[%emt 0:00:00]} Bxc4 {[%emt
0:00:43]} 30. Rxc4 {[%emt 0:00:00]} Kf7 {[%emt 0:00:11]} 31. Kf4 {[%emt 0:00:
15]} Ke6 {[%emt 0:00:36]} 32. Rb4 {[%emt 0:02:22]} b6 {[%emt 0:00:41]} 33. Rc4
{[%emt 0:02:32]} Kd5 {[%emt 0:00:00]} 34. Rc3 {[%emt 0:00:00]} Re8 {[%emt 0:00:
00]} 35. Ra3 {[%emt 0:00:00]} a5 {[%emt 0:00:00]} 36. Rb3 {[%emt 0:00:00]} b5 {
[%emt 0:00:00]} 37. Ra3 {[%emt 0:00:00]} a4 {[%emt 0:01:53]} 38. Rc3 {[%emt 0:
00:00]} g6 {[%emt 0:00:00]} 39. Rc5+ {[%emt 0:00:00]} Kd6 {[%emt 0:00:00]} 40.
e4 {[%emt 0:00:00]} b4 {[%emt 0:00:22]} 41. Ra5 {[%emt 0:00:28]} a3 {[%emt 0:
01:10]} 42. Ra7 {[%emt 0:02:45]} Re7 {[%emt 0:00:18]} 43. Ra4 {[%emt 0:02:36]}
Rb7 {[%emt 0:00:24]} 0-1

[Event "DVM U12 2020"]
[Site "Magdeburg GER"]
[Date "2021.08.05"]
[Round "1"]
[White "Nhan, Jiehou"]
[Black "Feuerer, Dominik"]
[Result "1-0"]
[Termination "normal"]
[Board "7.2"]
[WhiteElo "1428"]
[BlackElo "926"]
[WhiteClock "01:18:51"]
[BlackClock "01:12:19"]
[WhiteTeam "Schachvereinigung 1920 Plettenberg e. V."]
[BlackTeam "SV Vimbuch"]
[PlyCount "73"]
[WhiteFideId "34608214"]
[BlackFideId "34608311"]
[EventCountry "GER"]
[EventRounds "7"]
[EventType "team-swiss"]
[EventDate "2021.08.04"]

1. e4 {[%emt 9:59:41]} e5 {[%emt 0:00:00]} 2. Nf3 {[%emt 0:00:13]} Nc6 {[%emt
0:00:07]} 3. d4 {[%emt 0:00:19]} exd4 {[%emt 0:00:07]} 4. Nxd4 {[%emt 0:00:27]}
Nxd4 {[%emt 0:01:23]} 5. Qxd4 {[%emt 0:00:12]} Nf6 {[%emt 0:01:55]} 6. Bg5 {
[%emt 0:00:24]} h6 {[%emt 0:00:58]} 7. Bh4 {[%emt 0:03:45]} g5 {[%emt 0:00:00]}
8. Bg3 {[%emt 0:00:00]} d6 {[%emt 0:01:14]} 9. Nc3 {[%emt 0:00:12]} Bg4 {[%emt
0:00:00]} 10. Bc4 {[%emt 0:00:33]} Qe7 {[%emt 0:01:24]} 11. O-O {[%emt 0:00:43]
} h5 {[%emt 0:00:10]} 12. e5 {[%emt 0:01:00]} h4 {[%emt 0:02:45]} 13. exf6 {
[%emt 0:00:05]} Qd7 {[%emt 0:00:13]} 14. Qe4+ {[%emt 0:00:54]} Kd8 {[%emt 0:00:
35]} 15. Qxb7 {[%emt 0:00:52]} Qc8 {[%emt 0:00:47]} 16. Qc6 {[%emt 0:01:19]}
hxg3 {[%emt 0:04:57]} 17. fxg3 {[%emt 0:00:00]} Bd7 {[%emt 0:00:00]} 18. Qe4 {
[%emt 0:00:00]} c6 {[%emt 0:00:00]} 19. Bxf7 {[%emt 0:00:00]} d5 {[%emt 0:01:
33]} 20. Qe5 {[%emt 0:05:42]} Bc5+ {[%emt 0:00:00]} 21. Kh1 {[%emt 0:00:00]}
Be8 {[%emt 0:00:00]} 22. Be6 {[%emt 0:00:24]} Bd7 {[%emt 0:00:10]} 23. Bxd7 {
[%emt 0:00:16]} Qxd7 {[%emt 0:00:39]} 24. Qxg5 {[%emt 0:00:34]} Qh7 {[%emt 0:
00:36]} 25. h3 {[%emt 0:00:48]} Rg8 {[%emt 0:01:44]} 26. Qh4 {[%emt 0:00:31]}
Qf7 {[%emt 0:01:57]} 27. Rad1 {[%emt 0:01:35]} Kc7 {[%emt 0:01:13]} 28. Na4 {
[%emt 0:01:39]} Bd6 {[%emt 0:00:23]} 29. Rd3 {[%emt 0:01:09]} Rh8 {[%emt 0:01:
32]} 30. Qd4 {[%emt 0:01:09]} Rhg8 {[%emt 0:01:08]} 31. Re1 {[%emt 0:00:32]}
Rge8 {[%emt 0:02:08]} 32. Rxe8 {[%emt 0:00:24]} Qxe8 {[%emt 0:00:12]} 33. Rf3 {
[%emt 0:00:39]} Be5 {[%emt 0:00:40]} 34. Qg4 {[%emt 0:01:23]} Qf7 {[%emt 0:00:
50]} 35. Nc5 {[%emt 0:02:16]} Kd6 {[%emt 0:00:50]} 36. Qb4 {[%emt 0:00:49]}
Bxf6 {[%emt 0:01:53]} 37. Ne4+ {[%emt 0:01:10]} 1-0